000 01303nac a22002771u 4500
010 _a 00048037
020 _a0072373350 (alk. paper)
082 0 0 _a629.1323
_bAND
090 _c6918
_d6918
100 _aAnderson, John David.
245 1 0 _aFundamentals of aerodynamics /
_cJohn D. Anderson, Jr.
250 _a3rd ed.
260 _aBoston :
_bMcGraw-Hill,c2001.
_cc2001.
300 _axx, 892 p. :
_bill. ;
_c25 cm.
440 0 _aMcGraw-Hill series in aeronautical and aerospace engineering
500 _aDistributer: Al-Ahram.
504 _aIncludes bibliographical references (p. 877-881) and index.
511 _aCatalogued By: Mahitab.
650 0 _aAerodynamics.
856 4 2 _3Contributor biographical information
_uhttp://www.loc.gov/catdir/bios/mh042/00048037.html
856 4 2 _3Publisher description
_uhttp://www.loc.gov/catdir/description/mh021/00048037.html
856 4 2 _3Table of contents
_uhttp://www.loc.gov/catdir/toc/mh021/00048037.html
942 _cBB
_k629.1323AND
999 _c6918
_d6918